000
00290nam a2200121Ia 4500
008
190216s9999||||xx |||||||||||||| ||und||
100
_a
Burnett J H
245
0
_a
Fundamentals Of Mycology
260
_b
English Language Book Society
_c
1968
300
_a
545p
650
_a
Botany
942
_c
BK
999
_c
1179
_d
1179